Central Library OPAC University of Rajshahi

The differential geometry of Finsler spaces / (Record no. 23401)

MARC details
000 -LEADER
fixed length control field 00997nam a22002651 4500
001 - CONTROL NUMBER
control field 23401
003 - CONTROL NUMBER IDENTIFIER
rucl marc code BD-RjUL
005 - DATE AND TIME OF LATEST TRANSACTION
control field 20211209000926.0
008 - FIXED-LENGTH DATA ELEMENTS--GENERAL INFORMATION
fixed length control field 140310s1959 gw b 001 0 eng d
035 ## - SYSTEM CONTROL NUMBER
System control number (BD-RjUL)23466
040 ## - CATALOGING SOURCE
Original cataloging agency DLC/ICU
Transcribing agency ICU
Modifying agency DLC
-- BD-RjUL
Language of cataloging eng
041 ## - LANGUAGE CODE
Language code of text/sound track or separate title eng
082 00 - DEWEY DECIMAL CLASSIFICATION NUMBER
Classification number 516.375
Author mark and year RUD 1959
Edition number 23
100 1# - MAIN ENTRY--PERSONAL NAME
Personal name Rund, Hanno.
9 (RLIN) 72081
245 14 - TITLE STATEMENT
Title The differential geometry of Finsler spaces /
Statement of responsibility, etc. Hanno, Rund.
260 ## - PUBLICATION, DISTRIBUTION, ETC. (IMPRINT)
Place of publication, distribution, etc. Berlin :
Name of publisher, distributor, etc. Springer,
Date of publication, distribution, etc. 1959.
300 ## - PHYSICAL DESCRIPTION
Pagination xiii, 283 p. ;
Size 24 cm.
490 1# - SERIES STATEMENT
Series statement Die Grundlehren der mathematischen Wissenschaften in Einzeldarstellungen mit besonderer Berücksichtigung der Anwendungsgebiete,
Volume/sequential designation Bd. 101
504 ## - BIBLIOGRAPHY, ETC. NOTE
Bibliography, etc Includes bibliographical references and index.
650 #0 - SUBJECT ADDED ENTRY--TOPICAL TERM
Topical term or geographic name as entry element Finsler geometry
9 (RLIN) 72082
830 #0 - SERIES ADDED ENTRY--UNIFORM TITLE
Volume number/sequential designation Bd. 101.
Uniform title Grundlehren der mathematischen Wissenschaften in Einzeldarstellungen mit besonderer Berücksichtigung der Anwendungsgebiete ;
942 ## - ADDED ENTRY ELEMENTS (KOHA)
Source of classification or shelving scheme Dewey Decimal Classification
Koha item type Books
Holdings
Lost status Source of classification or shelving scheme Damaged status Not for loan Collection code Permanent Location Current Location Shelving location Date acquired Source of acquisition Cost, normal purchase price Total Checkouts Full call number Date last seen Copy number Koha item type
  Dewey Decimal Classification     Non-fiction Central Library, University of Rajshahi Central Library, University of Rajshahi Reading Room 12/09/1964 Zeitlinger. 108.00   516.375 RUD 1959 10/03/2014 C-2 Books
  Dewey Decimal Classification     Non-fiction Central Library, University of Rajshahi Central Library, University of Rajshahi   31/12/1968 Zeitlinger 45.00   516.375 RUD 1959 28/08/2016 C-3 Books